[Event "VIE-ch U20"]
[Site "Ho Chi Minh City"]
[Date "2022.07.12"]
[Round "3"]
[White "Tran, Van Hoang Lam"]
[Black "Nguyen, Quang Trung"]
[Result "0-1"]
[WhiteElo "2249"]
[BlackElo "2260"]
[PlyCount "120"]
[EventDate "2022.07.11"]
[EventType "swiss"]
[EventRounds "9"]
[EventCountry "VIE"]
[SourceTitle "EXT 2023"]
[Source "ChessBase"]
[SourceDate "2022.10.05"]
[SourceVersion "1"]
[SourceVersionDate "2022.10.05"]
[SourceQuality "1"]

1. e4 c5 2. c3 g6 3. g3 Bg7 4. Bg2 Nc6 5. Nf3 e5 6. 0-0 Nge7 7. d3 d5 8. exd5 Nxd5 9. Re1 0-0 10. Nbd2 Re8 11. Nf1 Bf5 12. Nh4 Be6 13. Ne3 Qd7 14. Qc2 Rad8 15. Bf1 Bh3 16. Nhg2 Nce7 17. Bd2 Nxe3 18. Bxe3 b6 19. Rad1 Bf5 20. Nh4 Bg4 21. Be2 Be6 22. Nf3 Nf5 23. Bg5 f6 24. Be3 Bd5 25. b3 Qc6 26. Nd2 h5 27. Bf1 h4 28. Ne4 hxg3 29. hxg3 Nxe3 30. Rxe3 f5 31. Ng5 Bh6 32. f4 exf4 33. Rxe8+ Qxe8 34. gxf4 Bxg5 35. fxg5 Qe3+ 36. Qf2 Qxg5+ 37. Bg2 Kf7 38. d4 Bxg2 39. Qxg2 Qxg2+ 40. Kxg2 cxd4 41. cxd4 Kf6 42. Kf3 g5 43. b4 Rc8 44. Rd3 b5 45. d5 Rd8 46. a4 bxa4 47. b5 Ke5 48. Re3+ Kd4 49. Ra3 Rxd5 50. Rxa4+ Ke5 51. Rxa7 Rxb5 52. Ra3 g4+ 53. Kg3 Rd5 54. Rc3 Ke4 55. Kf2 Rd2+ 56. Ke1 Rd3 57. Rc4+ Kf3 58. Ra4 f4 59. Ra2 g3 60. Rb2 Ra3 0-1

[Event "VIE-ch U17"]
[Site "Hanoi"]
[Date "2022.06.15"]
[Round "6"]
[White "Tran, Hoai Minh"]
[Black "Tran, Van Hoang Lam"]
[Result "0-1"]
[WhiteElo "2287"]
[BlackElo "2291"]
[PlyCount "62"]
[EventDate "2022.06.11"]
[EventType "swiss"]
[EventRounds "7"]
[EventCountry "VIE"]
[SourceTitle "EXT 2023"]
[Source "ChessBase"]
[SourceDate "2022.10.05"]
[SourceVersion "1"]
[SourceVersionDate "2022.10.05"]
[SourceQuality "1"]

1. e4 c5 2. c3 Nc6 3. d4 cxd4 4. cxd4 d5 5. Nc3 Nf6 6. e5 Ng8 7. Bb5 e6 8. Nf3 Qb6 9. 0-0 Nge7 10. a4 a6 11. a5 Qc7 12. Ba4 Bd7 13. Bd2 Nf5 14. Ne2 Be7 15. b4 Nxb4 16. Bxb4 Bxb4 17. Bxd7+ Qxd7 18. Qb3 Be7 19. Rfb1 Rb8 20. Rb2 0-0 21. Rab1 f6 22. Nc3 Rfc8 23. Na4 Qc7 24. g4 Nxd4 25. Nxd4 Qxe5 26. Qe3 Bd6 27. Rxb7 Rxb7 28. Rxb7 Rc1+ 29. Kg2 Qxh2+ 30. Kf3 Qh1+ 31. Ke2 Qd1# 0-1

[Event "VIE-ch U17"]
[Site "Hanoi"]
[Date "2022.06.13"]
[Round "3"]
[White "Tran, Quoc Thinh"]
[Black "Tran, Van Hoang Lam"]
[Result "0-1"]
[WhiteElo "2279"]
[BlackElo "2291"]
[PlyCount "62"]
[EventDate "2022.06.11"]
[EventType "swiss"]
[EventRounds "7"]
[EventCountry "VIE"]
[SourceTitle "EXT 2023"]
[Source "ChessBase"]
[SourceDate "2022.10.05"]
[SourceVersion "1"]
[SourceVersionDate "2022.10.05"]
[SourceQuality "1"]

1. e4 c5 2. Nf3 Nc6 3. d4 cxd4 4. Nxd4 Nf6 5. Nc3 e5 6. Nf3 d6 7. Bg5 Be7 8. Bb5 0-0 9. Qe2 Bg4 10. h3 Nd4 11. Qd3 Bxf3 12. gxf3 Rc8 13. 0-0-0 a6 14. Ba4 Nh5 15. Bxe7 Qxe7 16. Nd5 Qd8 17. Kb1 Nf6 18. c3 Nc6 19. f4 exf4 20. Nxf4 Qe7 21. Bxc6 bxc6 22. f3 Rfe8 23. Qxa6 h6 24. Rd2 Nxe4 25. Re2 Nxc3+ 26. bxc3 Qf6 27. Nd3 Qxc3 28. Rhh2 Ra8 29. Rc2 Reb8+ 30. Rb2 Rxb2+ 31. Rxb2 Rxa6 0-1

[Event "VIE-ch U17"]
[Site "Hanoi"]
[Date "2022.06.13"]
[Round "4"]
[White "Tran, Van Hoang Lam"]
[Black "Dang, Tuan Linh"]
[Result "0-1"]
[WhiteElo "2291"]
[BlackElo "2290"]
[PlyCount "38"]
[EventDate "2022.06.11"]
[EventType "swiss"]
[EventRounds "7"]
[EventCountry "VIE"]
[SourceTitle "EXT 2023"]
[Source "ChessBase"]
[SourceDate "2022.10.05"]
[SourceVersion "1"]
[SourceVersionDate "2022.10.05"]
[SourceQuality "1"]

1. e4 e5 2. Nf3 Nc6 3. Bb5 Bc5 4. 0-0 d6 5. h3 Nf6 6. Re1 a6 7. Ba4 b5 8. Bb3 0-0 9. c3 h6 10. d4 Bb6 11. Bd5 Bb7 12. dxe5 dxe5 13. a4 Nxd5 14. exd5 Ne7 15. Nxe5 Nxd5 16. Nd2 Qh4 17. Ng4 Nf4 18. Nf3 Nxh3+ 19. gxh3 Qg3+ 0-1

[Event "VIE-ch U13"]
[Site "Hai Phong"]
[Date "2018.07.09"]
[Round "5"]
[White "Nguyen, Nam Khanh"]
[Black "Tran, Van Hoang Lam"]
[Result "1-0"]
[WhiteElo "1828"]
[BlackElo "1818"]
[PlyCount "79"]
[EventDate "2018.07.07"]
[EventType "swiss"]
[EventRounds "9"]
[EventCountry "VIE"]
[SourceTitle "EXT 2019"]
[Source "ChessBase"]
[SourceDate "2018.10.10"]
[SourceVersion "1"]
[SourceVersionDate "2018.10.10"]
[SourceQuality "1"]

1. d4 d5 2. Nf3 e6 3. Bg5 Be7 4. Bxe7 Nxe7 5. c3 Nbc6 6. e3 b6 7. Nbd2 Bb7 8. Bd3 Ng6 9. 0-0 0-0 10. h3 Re8 11. a3 a5 12. Bb5 Nh4 13. Qa4 Nxf3+ 14. Nxf3 Ne7 15. Bxe8 Qxe8 16. Qxe8+ Rxe8 17. b4 axb4 18. axb4 h6 19. Ra7 Rb8 20. Ne5 Nc8 21. Ra3 f6 22. Nd3 Ra8 23. Rxa8 Bxa8 24. Ra1 Bb7 25. b5 Kh7 26. Nf4 e5 27. Ne6 c6 28. Nd8 Nd6 29. Nxb7 Nxb7 30. bxc6 Nd6 31. c7 exd4 32. cxd4 b5 33. Ra8 b4 34. c8Q Nxc8 35. Rxc8 b3 36. Rb8 Kg6 37. Rxb3 Kf5 38. Kf1 Ke4 39. Ke2 f5 40. f3# 1-0

[Event "VIE Cup"]
[Site "Bac Giang"]
[Date "2018.06.03"]
[Round "7"]
[White "Tran, Van Hoang Lam"]
[Black "Mai, Tien Huy"]
[Result "1-0"]
[WhiteElo "1873"]
[BlackElo "1879"]
[PlyCount "108"]
[EventDate "2018.05.30"]
[EventType "swiss"]
[EventRounds "9"]
[EventCountry "VIE"]
[SourceTitle "CBM 184 Extra"]
[Source "ChessBase"]
[SourceDate "2018.06.28"]
[SourceVersion "1"]
[SourceVersionDate "2018.06.28"]
[SourceQuality "1"]

1. e4 e5 2. Nf3 d6 3. Nc3 Be6 4. d4 Nc6 5. d5 Bxd5 6. exd5 Nce7 7. Bc4 a6 8. a3 h6 9. 0-0 Nf6 10. Re1 g6 11. Ne4 Nxe4 12. Rxe4 c6 13. Re1 Bg7 14. Rb1 0-0 15. Be3 c5 16. Bd2 Nf5 17. b4 b6 18. Bc1 Re8 19. Qd3 a5 20. bxa5 Rxa5 21. a4 Re7 22. Bb3 Qe8 23. Nd2 Nd4 24. Bb2 Nxb3 25. cxb3 e4 26. Rxe4 Rxe4 27. Qxe4 Qd7 28. Bxg7 Kxg7 29. h3 b5 30. axb5 Rxb5 31. b4 Qf5 32. Qxf5 gxf5 33. bxc5 Rxc5 34. Nf3 Rxd5 35. Kf1 Kf6 36. Ke2 Rc5 37. Rb6 Ke6 38. Nd4+ Ke5 39. Nf3+ Ke6 40. Kd3 f4 41. Rb4 Kf5 42. g3 fxg3 43. fxg3 Ke6 44. Re4+ Kf6 45. Rf4+ Kg6 46. Nh4+ Kg7 47. Nf5+ Kg6 48. Nxd6 Rd5+ 49. Rd4 Rxd4+ 50. Kxd4 f5 51. Ke5 h5 52. Nxf5 Kg5 53. h4+ Kg4 54. Kf6 Kh3 1-0

[Event "VIE Cup"]
[Site "Bac Giang"]
[Date "2018.05.31"]
[Round "2"]
[White "Tran, Dinh Dang Khoa"]
[Black "Tran, Van Hoang Lam"]
[Result "1-0"]
[WhiteElo "1903"]
[BlackElo "1873"]
[PlyCount "69"]
[EventDate "2018.05.30"]
[EventType "swiss"]
[EventRounds "9"]
[EventCountry "VIE"]
[SourceTitle "CBM 184 Extra"]
[Source "ChessBase"]
[SourceDate "2018.06.28"]
[SourceVersion "1"]
[SourceVersionDate "2018.06.28"]
[SourceQuality "1"]

1. e4 c5 2. Nc3 Nc6 3. d3 Nf6 4. g3 g6 5. Bg2 Bg7 6. Nge2 d6 7. 0-0 0-0 8. Be3 e6 9. h3 Re8 10. Qd2 Bd7 11. Bh6 Qc8 12. Bxg7 Kxg7 13. Kh2 d5 14. f4 Kg8 15. Nb5 Qd8 16. Nd6 Rf8 17. Nxb7 Qb6 18. Qc3 Qxb7 19. Qxf6 Qc8 20. Qc3 Ne7 21. Ng1 Qc7 22. Nf3 f6 23. b3 e5 24. fxe5 fxe5 25. Qxe5 Qxe5 26. Nxe5 Be6 27. exd5 Bxd5 28. Rxf8+ Rxf8 29. Rf1 Rxf1 30. Bxf1 Nf5 31. Nd7 Ne3 32. Be2 Nxc2 33. Nf6+ Kf7 34. Nxd5 Ke6 35. Nc3 1-0